[Event "CZE Extraliga 2019-20"]
[Site "Czech Republic"]
[Date "2019.11.30"]
[Round "3.2"]
[White "Nasuta, Grzegorz"]
[Black "Gazik, Viktor"]
[Result "1-0"]
[WhiteElo "2540"]
[BlackElo "2537"]
[Annotator "TA"]
[PlyCount "145"]
[EventDate "2019.09.15"]
[EventType "team-tourn"]
[EventCountry "CZE"]
[SourceTitle "playchess.com"]
[Source "ChessBase"]
[SourceQuality "1"]
[WhiteTeam "Poruba"]
[BlackTeam "Kromeriz"]

{[%evp 9,145,24,27,27,17,20,49,34,70,0,7,0,68,65,83,60,96,42,43,33,77,73,91,85,88,97,244,236,236,243,232,229,254,255,384,383,364,374,785,762,735,681,668,665,593,537,498,429,414,404,400,405,603,583,591,360,354,0,582,549,534,463,500,501,439,389,388,286,308,240,276,246,239,204,267,262,285,285,284,285,459,412,434,432,439,420,437,437,513,470,434,222,202,9,361,340,355,338,400,391,521,523,571,556,597,585,572,563,510,501,677,467,734,689,737,716,683,622,698,716,809,803,805,740,933,933,12835,11737,12842,12843,12843,12843,12844,12844,12845,12845,12845,12846]} 1. e4 c5 2. Nf3 d6 3. d4 Nf6 4. dxc5 Nxe4 5. cxd6 Nc6 6. Be3 {B53: Sicilian: 2...d6: Lines with Qxd4} (6. Bd3 Nxd6 7. O-O g6 8. Re1 Bg7 9. c3 O-O 10. h3 Bf5 11. Bxf5 Nxf5 12. Nbd2 Qc7 13. Ne4 Rad8 14. Qe2 b6 15. g4 Nd6 16. Bf4 e5 17. Nxd6 Rxd6 18. Nxe5 {0-1 (32) Anand,V (2786)-Nepomniachtchi,I (2751) Zuerich 2017}) 6... Nxd6 7. Nc3 Bf5 8. Nd4 {White is slightly better.} e6 $146 ({Predecessor:} 8... e5 9. Nxc6 bxc6 10. Qf3 Qd7 11. Bc5 Rd8 12. Qe3 Qe6 13. O-O-O Be7 14. Bxd6 Rxd6 15. Rxd6 Qxd6 {½-½ (33) Bajarani,U (2392)-Ter Sahakyan,S (2504) Akhisar Manisa 2009}) 9. Qf3 ({White should play} 9. g4 $14 Bg6 10. Nxc6 bxc6 11. Qf3) 9... Nxd4 $11 10. Bxd4 Bxc2 ({Black should try} 10... h5 $11) 11. Rc1 $14 Bf5 12. Be2 Be7 13. Bxg7 (13. Rd1 $16 Qa5 14. Bxg7) 13... Rg8 14. Be5 Bg4 15. Qe3 Bxe2 {[%mdl 64] Discovered Attack} 16. Qxe2 Rxg2 {[#]} 17. Bg3 $1 {Threatens to win with Kf1.} Nf5 (17... Qb6 $16 {is a better defense.}) 18. Kf1 Rxg3 ({But not} 18... Nd4 $2 19. Qg4 $18) 19. hxg3 ({And not} 19. fxg3 Kf8 $11) 19... h6 20. Kg2 Bg5 21. Rcd1 Qe7 (21... Qc7 $142 22. Qb5+ Qc6+ 23. Qxc6+ bxc6) 22. Qb5+ $18 Kf8 23. Rd7 Qf6 $2 (23... Nd6 24. Rxe7 Nxb5) 24. Ne4 Qg6 25. Nxg5 Qxg5 26. Qxb7 Rd8 27. Rxd8+ Qxd8 {[%mdl 4096] Endgame KQR-KQN} 28. Qb4+ Kg8 29. Qg4+ Kh7 30. Rd1 Qb6 (30... Qe8 $142 31. Qe4 Kg7) 31. Qe4 Kg7 32. Qe5+ Kg6 33. Qe4 $2 (33. b3) 33... Kg7 $1 34. g4 Nh4+ 35. Kg3 Qb8+ 36. Qf4 e5 37. Qe4 Ng6 38. Rd2 Qb5 39. Re2 Qc5 40. Rc2 Qe7 {Now ...Qh4+ and Black clings on.} 41. Kf3 Qh4 {intending ...Qh1+.} 42. Ke3 Qg5+ 43. Ke2 Qd8 44. Rd2 Qh4 $2 (44... Qf6 {was worth a try.} 45. Ke1 Qb6) 45. Rd7 Qf6 46. Ke1 Qb6 47. Qc4 Qf6 48. Rxa7 Qf3 49. Rd7 Nh4 50. Qe2 (50. a4 $142) 50... Qf4 51. b3 $2 (51. Rd3 $18) 51... Qc1+ $2 {[%mdl 8192]} (51... Nf3+ $1 $11 52. Kd1 Nd4 53. Rxd4 Qxd4+ 54. Kc2 Qa1) 52. Qd1 Qc3+ {[#]} 53. Ke2 $1 Qf3+ 54. Kd2 {Qxf3 is the strong threat.} Qc6 55. Rd3 {White is clearly winning.} Ng6 56. Qe2 Qc5 {Black hopes to continue with ...Nf4.} 57. Rc3 Qa3 58. Kd1 Qa5 59. Rc4 Nf4 60. Qd2 Qa8 (60... Qa3 $142 61. Rc6 Ne6) 61. Kc1 Qf3 62. Qe3 Qd5 63. Qe4 Qa5 64. a4 Ne6 65. Kb1 Kf6 66. Qe3 Kg6 67. Kb2 Nd4 68. f4 f6 69. fxe5 fxe5 70. Qe4+ Kf6 71. Rxd4 {[%mdl 64] Remove Defender} exd4 {[#]} 72. Qf5+ $1 {[%mdl 512]} Qxf5 73. gxf5 {Accuracy: White = 70%, Black = 32%.} 1-0

[Event "CZE Extraliga 2019-20"]
[Site "Czech Republic"]
[Date "2019.11.30"]
[Round "3.2"]
[White "Ftacnik, Lubomir"]
[Black "Cernousek, Lukas"]
[Result "1/2-1/2"]
[WhiteElo "2520"]
[BlackElo "2458"]
[Annotator "TA"]
[PlyCount "136"]
[EventDate "2019.09.15"]
[EventType "team-tourn"]
[EventCountry "CZE"]
[SourceTitle "playchess.com"]
[Source "ChessBase"]
[SourceQuality "1"]
[WhiteTeam "Turnov"]
[BlackTeam "Siesta Solution Unichess"]

{[%evp 20,136,16,0,0,0,15,0,0,-12,-12,-20,-15,-16,-18,-43,-36,-133,-123,-126,-127,-133,-125,-124,-130,-142,-140,-133,-123,-144,-106,-174,-185,-204,-135,-135,-130,-153,-154,-160,-159,-159,-137,-139,-152,-169,-159,-152,-63,-70,-60,-110,-119,-106,-106,-101,0,0,0,-108,-101,-95,0,-2,0,-3,0,0,0,0,0,0,0,0,0,0,0,0,0,0,0,0,0,0,0,0,0,0,0,0,0,0,0,0,0,0,0,0,0,0,0,0,0,0,0,0,0,0,0,0,0,0,0,0,0,0,0,0,0]} 1. Nf3 d5 2. d4 Nf6 3. c4 dxc4 4. e3 e6 5. Bxc4 c5 6. O-O a6 7. a4 cxd4 8. exd4 Nc6 9. Nc3 Be7 10. Bg5 O-O 11. Qd2 Bd7 {D27: Queen's Gambit Accepted: Classical main line: 7 e4!? and 7 a4} (11... Qa5 12. Rfd1 Rd8 13. Rac1 Bd7 14. Qe2 Be8 15. Bxf6 Bxf6 16. d5 exd5 17. Nxd5 Rd6 18. b3 h6 19. h3 {1-0 (38) Cramling,P (2521)-Dzagnidze,N (2529) Tehran 2016}) 12. Rfd1 Rc8 $146 ({Predecessor:} 12... Nb4 13. Ne5 Rc8 14. Bb3 Nfd5 15. Bxe7 Qxe7 16. Ne4 Bc6 17. Nc5 Rfd8 18. Bxd5 Nxd5 19. b4 {1-0 (41) Szajbely,Z (2098)-Retkes,P (1637) Celldoemoelk 2011}) 13. Ne5 Nd5 14. Bxe7 Ndxe7 15. Qe2 Nxe5 16. dxe5 Qc7 17. Bd3 Rfd8 18. Rac1 {[#]} ({White should try} 18. Qe1 $15) 18... Bxa4 $1 $17 {[%mdl 576] Pin} 19. Bxh7+ {[%mdl 64] Decoy} (19. Nxa4 Qxc1) 19... Kxh7 20. Qe4+ Ng6 21. Qxa4 Nxe5 22. h3 Qc4 23. Qa5 Nd3 24. Rc2 Qc5 25. Qa4 (25. Qxc5 $17 {was called for.} Nxc5 26. Rcd2 Rxd2 27. Rxd2) 25... Rd4 $19 26. Qa1 Nf4 27. Rxd4 Qxd4 28. Qf1 Rc4 29. g3 Nd5 30. Ne2 Qd3 31. Rxc4 Qxc4 32. Qd1 a5 33. Nd4 a4 {[#]} (33... g6 $17 {And now ...Qb4 would win.} 34. Nf3 Kg7) 34. Nxe6 $1 $15 {[%mdl 512]} Kg8 (34... fxe6 35. Qh5+) 35. Nf4 Nxf4 36. Qd8+ Kh7 37. Qh4+ {[%mdl 64] Pin} Kg8 38. Qd8+ Kh7 39. Qh4+ {[%mdl 64] [#] Pin} Kg6 $1 40. gxf4 $17 {[%mdl 4096] Endgame KQ-KQ} Qd5 {[#]} ({Better is} 40... Qc6 $17) 41. f5+ $1 $11 {[%mdl 576] Discovered Attack. The position is equal.} Qxf5 {aiming for ...Qg5+.} 42. Qxa4 Qb1+ 43. Kg2 Qxb2 44. Qg4+ $1 Kf6 45. Qf4+ Ke6 46. Qc4+ Kd6 47. Qxf7 b5 48. Qf8+ Kd5 49. Qf7+ Kc5 50. Qe7+ Kc4 51. Qe6+ Kb4 52. Qd6+ Ka5 53. Qc7+ Ka4 54. Qa7+ Kb3 {Strongly threatening ...b4.} 55. Qf7+ Kc2 56. Qf5+ Kc1 {Hoping for ...b4.} 57. Qg5+ Kb1 58. Qg6+ Qc2 59. Qxg7 b4 {...b3 is the strong threat.} 60. h4 $1 Qe4+ 61. f3 Qxh4 {White must now prevent ...Qc4.} 62. Qg4 Qe1 {Threatens to win with ...b3.} 63. Qe4+ Qxe4 64. fxe4 b3 (64... Kc2 $5 65. e5 $8 Kc3 $11) 65. e5 b2 (65... Kc2 $5 66. e6 $8 Kc3 $11) 66. e6 Kc1 (66... Ka1 $5 67. e7 $8 b1=Q $11) 67. e7 b1=Q {( -> ...Qb7+)} 68. e8=Q Qc2+ {Accuracy: White = 76%, Black = 60%.} 1/2-1/2

[Event "CZE Extraliga 2019-20"]
[Site "Czech Republic"]
[Date "2019.12.01"]
[Round "3.2"]
[White "Ponizil, Cyril"]
[Black "Laznicka, Viktor"]
[Result "1/2-1/2"]
[WhiteElo "2502"]
[BlackElo "2667"]
[Annotator "ChessBase"]
[PlyCount "30"]
[EventDate "2019.09.15"]
[EventType "team-tourn"]
[EventCountry "CZE"]
[SourceTitle "playchess.com"]
[Source "ChessBase"]
[SourceQuality "1"]
[WhiteTeam "Duras"]
[BlackTeam "Novoborsky"]
[WhiteTeamCountry "CZE"]
[BlackTeamCountry "CZE"]
[TimeControl "40/5400+30:1800+30"]

1. e4 {[%emt 0:00:00]} c5 {[%emt 0:00:00]} 2. Nf3 {[%emt 0:00:00]} e6 {[%emt 0:00:00]} 3. d4 {[%emt 0:00:00]} cxd4 {[%emt 0:00:00]} 4. Nxd4 {[%emt 0:00:00]} Nc6 {[%emt 0:00:00]} 5. Nc3 {[%emt 0:00:00]} a6 {[%emt 0:00:21]} 6. Be3 {[%emt 0:00:00]} Nf6 {[%emt 0:00:00]} 7. Bd3 {[%emt 0:00:35]} Qc7 {[%emt 0:00:00]} 8. O-O {[%emt 0:00:09]} Nxd4 {[%emt 0:00:13]} 9. Bxd4 {[%emt 0:00:05]} Bc5 {[%emt 0:00:04]} 10. Bxc5 {[%emt 0:00:59]} Qxc5 {[%emt 0:00:07]} 11. Qd2 {[%emt 0:00:19]} d6 {[%emt 0:00:55]} 12. Rae1 {[%emt 0:00:10]} e5 {[%emt 0:02:08]} 13. Re3 {[%emt 0:01:06]} Be6 {[%emt 0:00:49]} 14. Rd1 {[%emt 0:02:50]} O-O {[%emt 0:01:54]} 15. Be2 {[%emt 0:02:14]} Rfd8 {[%emt 0:20:59]} 1/2-1/2

[Event "CZE Extraliga 2019-20"]
[Site "Czech Republic"]
[Date "2019.11.30"]
[Round "3.2"]
[White "Jakubiec, Artur"]
[Black "Azarov, Sergei"]
[Result "1-0"]
[WhiteElo "2472"]
[BlackElo "2586"]
[Annotator "ChessBase"]
[PlyCount "61"]
[EventDate "2019.09.15"]
[EventType "team-tourn"]
[EventCountry "CZE"]
[SourceTitle "playchess.com"]
[Source "ChessBase"]
[SourceQuality "1"]
[WhiteTeam "Ostrava"]
[BlackTeam "Frydek-Mistek"]
[TimeControl "40/5400+30:1800+30"]

1. e4 {[%emt 0:00:00]} e5 {[%emt 0:00:00]} 2. Nf3 {[%emt 0:00:06]} Nc6 {[%emt 0:00:00]} 3. Bc4 {[%emt 0:00:11]} Bc5 {[%emt 0:00:15]} 4. O-O {[%emt 0:00:13]} Nf6 {[%emt 0:00:29]} 5. d3 {[%emt 0:00:04]} d6 {[%emt 0:00:35]} 6. a4 {[%emt 0:00:10]} a5 {[%emt 0:02:37]} 7. Be3 {[%emt 0:04:12]} Bxe3 {[%emt 0:18:58]} 8. fxe3 {[%emt 0:00:15]} Ne7 {[%emt 0:00:23]} 9. Nh4 {[%emt 0:07:55]} c6 {[%emt 0:05:45]} 10. Nc3 {[%emt 0:06:14]} O-O {[%emt 0:04:20]} 11. Qf3 {[%emt 0:22:41]} d5 {[%emt 0:04:10]} 12. Bb3 {[%emt 0:03:29]} Be6 {[%emt 0:02:15]} 13. Qg3 {[%emt 0:02:18]} Nd7 {[%emt 0:01:45]} 14. Nf5 {[%emt 0:02:49]} Bxf5 {[%emt 0:02:16]} 15. exf5 {[%emt 0:00:08]} Kh8 {[%emt 0:01:57]} 16. Kh1 {[%emt 0:02:03]} Ng8 {[%emt 0:18:28]} 17. e4 {[%emt 0:04:03]} d4 {[%emt 0:00:31]} 18. Nb1 {[%emt 0:05:48]} Qe7 {[%emt 0:01:23]} 19. Nd2 {[%emt 0:01:37]} Nc5 {[%emt 0:01:20]} 20. Bc4 {[%emt 0:07:05]} Nf6 {[%emt 0:03:14]} 21. Nf3 {[%emt 0:00:33]} Nfd7 {[%emt 0:04:29]} 22. Qh3 {[%emt 0:06:12]} b5 {[%emt 0:21:14]} 23. axb5 {[%emt 0:06:42]} Nb6 {[%emt 0:00:18]} 24. Ba2 {[%emt 0:00:15]} cxb5 {[%emt 0:00:21]} 25. g4 {[%emt 0:01:37]} Ncd7 {[%emt 0:03:39]} 26. g5 {[%emt 0:01:49]} Rfc8 {[%emt 0:01:13]} 27. Bxf7 {[%emt 0:02:12]} Nf8 {[%emt 0:00:21]} 28. Ba2 {[%emt 0:01:27]} Rxc2 {[%emt 0:00:59]} 29. f6 {[%emt 0:05:12]} Qc7 {[%emt 0:00:11]} 30. g6 {[%emt 0:03:17]} gxf6 {[%emt 0:00:12]} 31. Rg1 {[%emt 0:00:29]} 1-0

[Event "CZE Extraliga 2019-20"]
[Site "Czech Republic"]
[Date "2019.12.02"]
[Round "3.3"]
[White "Anton Guijarro, David"]
[Black "Blahynka, Martin"]
[Result "1-0"]
[WhiteElo "2686"]
[BlackElo "2414"]
[Annotator "ChessBase"]
[PlyCount "79"]
[EventDate "2019.09.15"]
[EventType "team-tourn"]
[EventCountry "CZE"]
[SourceTitle "playchess.com"]
[Source "ChessBase"]
[SourceQuality "1"]
[WhiteTeam "Novoborsky"]
[BlackTeam "Duras"]
[WhiteTeamCountry "ESP"]
[BlackTeamCountry "CZE"]
[TimeControl "40/5400+30:1800+30"]

1. e4 {[%emt 0:00:00]} e5 {[%emt 0:00:00]} 2. Nf3 {[%emt 0:00:07]} Nc6 {[%emt 0:00:10]} 3. Bc4 {[%emt 0:01:47]} Bc5 {[%emt 0:00:00]} 4. c3 {[%emt 0:02:32]} Nf6 {[%emt 0:00:00]} 5. d3 {[%emt 0:00:07]} O-O {[%emt 0:01:56]} 6. O-O {[%emt 0:00:25]} a6 {[%emt 0:04:49]} 7. Nbd2 {[%emt 0:03:35]} Ba7 {[%emt 0:06:21]} 8. h3 {[%emt 0:04:36]} d6 {[%emt 0:01:21]} 9. Bb3 {[%emt 0:01:05]} Ne7 {[%emt 0:03:06]} 10. Re1 {[%emt 0:04:07]} Ng6 {[%emt 0:01:05]} 11. Nf1 {[%emt 0:01:02]} h6 {[%emt 0:26:39]} 12. Ng3 {[%emt 0:06:42]} Be6 {[%emt 0:15:52]} 13. Bxe6 {[%emt 0:17:13]} fxe6 {[%emt 0:00:05]} 14. d4 {[%emt 0:00:26]} Qd7 {[%emt 0:09:11]} 15. Be3 {[%emt 0:05:35]} Qf7 {[%emt 0:04:41]} 16. dxe5 {[%emt 0:06:43]} Bxe3 {[%emt 0:02:46]} 17. Rxe3 {[%emt 0:00:14]} Nxe5 {[%emt 0:03:18]} 18. Nxe5 {[%emt 0:00:13]} dxe5 {[%emt 0:00:03]} 19. Qe2 {[%emt 0:06:23]} Rad8 {[%emt 0:02:45]} 20. Nf1 {[%emt 0:06:38]} Qd7 {[%emt 0:03:04]} 21. Nh2 {[%emt 0:02:47]} Qd6 {[%emt 0:03:45]} 22. Nf3 {[%emt 0:02:39]} Rf7 {[%emt 0:00:42]} 23. a4 {[%emt 0:02:45]} Nh7 {[%emt 0:02:39]} 24. Rc1 {[%emt 0:08:33]} Nf8 {[%emt 0:00:05]} 25. g3 {[%emt 0:01:06]} Rfd7 {[%emt 0:02:35]} 26. Kg2 {[%emt 0:01:40]} c6 {[%emt 0:02:23]} 27. a5 {[%emt 0:01:05]} Ng6 {[%emt 0:00:35]} 28. Qc4 {[%emt 0:03:00]} Nh8 {[%emt 0:02:19]} 29. b4 {[%emt 0:03:03]} Nf7 {[%emt 0:00:04]} 30. h4 {[%emt 0:00:40]} g6 {[%emt 0:00:26]} 31. h5 {[%emt 0:01:31]} g5 {[%emt 0:00:26]} 32. Nh2 {[%emt 0:00:10]} Kg7 {[%emt 0:00:43]} 33. Ng4 {[%emt 0:00:32]} Rf8 {[%emt 0:00:23]} 34. Rf3 {[%emt 0:00:48]} Qe7 {[%emt 0:01:43]} 35. Qc5 {[%emt 0:02:44]} Qxc5 {[%emt 0:00:16]} 36. bxc5 {[%emt 0:00:05]} Rd2 {[%emt 0:00:48]} 37. Rf6 {[%emt 0:00:57]} Re8 {[%emt 0:00:45]} 38. Rg6+ {[%emt 0:01:19]} Kh8 {[%emt 0:00:36]} 39. Rb1 {[%emt 0:01:07]} Rb8 {[%emt 0:00:25]} 40. Rxe6 {[%emt 0:00:52]} 1-0

[Event "CZE Extraliga 2019-20"]
[Site "Czech Republic"]
[Date "2019.11.30"]
[Round "3.3"]
[White "Anton Guijarro, David"]
[Black "Blahynka, Martin"]
[Result "*"]
[WhiteElo "2686"]
[BlackElo "2414"]
[Annotator "TA"]
[PlyCount "39"]
[EventDate "2019.09.15"]
[EventType "team-tourn"]
[EventCountry "CZE"]
[SourceTitle "playchess.com"]
[Source "ChessBase"]
[SourceQuality "1"]
[WhiteTeam "Novoborsky"]
[BlackTeam "Duras"]
[WhiteTeamCountry "ESP"]
[BlackTeamCountry "CZE"]

{[%evp 22,24,40,39,28]} 1. e4 e5 2. Nf3 Nc6 3. Bc4 Bc5 4. c3 Nf6 5. d3 O-O 6. O-O a6 7. Nbd2 {[%cal Bb1d2,Bd2f1,Bf1g3][%mdl 32]} Ba7 8. h3 d6 9. Bb3 Ne7 10. Re1 Ng6 11. Nf1 h6 12. Ng3 Be6 {C54: Giuoco Piano: 4 c3 Nf6, main lines with 5 d4 and 5 d3} {Predecessor:} 13. Bc2 $146 c5 14. Be3 Re8 15. d4 cxd4 16. cxd4 Qa5 17. a3 b5 18. Bb3 Bxb3 19. Qxb3 Qc7 20. Rac1 {½-½ (49) Geller,J (2505)-Kamsky,G (2676) Sochi 2017} *

[Event "CZE Extraliga 2019-20"]
[Site "Czech Republic"]
[Date "2019.11.30"]
[Round "3.3"]
[White "Yemelin, Vasily"]
[Black "Stocek, Jiri"]
[Result "0-1"]
[WhiteElo "2545"]
[BlackElo "2569"]
[Annotator "ChessBase"]
[PlyCount "70"]
[EventDate "2019.09.15"]
[EventType "team-tourn"]
[EventCountry "CZE"]
[SourceTitle "playchess.com"]
[Source "ChessBase"]
[SourceQuality "1"]
[WhiteTeam "Lysa nad Labem"]
[BlackTeam "Brno"]
[TimeControl "40/5400+30:1800+30"]

1. e4 {[%emt 0:00:00]} c5 {[%emt 0:00:51]} 2. Nf3 {[%emt 0:00:00]} d6 {[%emt 0:00:26]} 3. d4 {[%emt 0:00:42]} cxd4 {[%emt 0:00:23]} 4. Nxd4 {[%emt 0:00:05]} Nf6 {[%emt 0:00:21]} 5. Nc3 {[%emt 0:00:04]} a6 {[%emt 0:01:07]} 6. Bd3 {[%emt 0:07:20]} g6 {[%emt 0:03:58]} 7. Be3 {[%emt 0:00:41]} Bg7 {[%emt 0:09:09]} 8. f3 {[%emt 0:00:50]} Nbd7 {[%emt 0:13:01]} 9. Qd2 {[%emt 0:05:06]} b5 {[%emt 0:07:37]} 10. a4 {[%emt 0:15:52]} bxa4 {[%emt 0:02:49]} 11. Nxa4 {[%emt 0:00:32]} d5 {[%emt 0:06:14]} 12. exd5 {[%emt 0:18:43]} Nxd5 {[%emt 0:01:00]} 13. Bf2 {[%emt 0:15:59]} Bb7 {[%emt 0:13:20]} 14. O-O {[%emt 0:02:59]} O-O {[%emt 0:02:05]} 15. c4 {[%emt 0:05:32]} Bxd4 {[%emt 0:14:02]} 16. Bxd4 {[%emt 0:01:28]} e5 {[%emt 0:00:06]} 17. cxd5 {[%emt 0:11:54]} exd4 {[%emt 0:00:13]} 18. Bc4 {[%emt 0:01:08]} Ne5 {[%emt 0:02:22]} 19. b3 {[%emt 0:00:21]} d3 {[%emt 0:06:46]} 20. f4 {[%emt 0:01:27]} Ng4 {[%emt 0:00:42]} 21. Qxd3 {[%emt 0:02:38]} Re8 {[%emt 0:00:30]} 22. h3 {[%emt 0:02:48]} Ne3 {[%emt 0:02:18]} 23. Rfe1 {[%emt 0:00:05]} Qf6 {[%emt 0:02:11]} 24. Nc5 {[%emt 0:02:53]} Qb2 {[%emt 0:04:23]} 25. Rxe3 {[%emt 0:02:04]} Qxa1+ {[%emt 0:00:12]} 26. Kh2 {[%emt 0:00:01]} Qc1 {[%emt 0:01:41]} 27. Rf3 {[%emt 0:01:36]} Re1 {[%emt 0:02:29]} 28. Nxb7 {[%emt 0:00:20]} Rh1+ {[%emt 0:00:18]} 29. Kg3 {[%emt 0:00:04]} Qe1+ {[%emt 0:00:12]} 30. Rf2 {[%emt 0:01:10]} Re8 {[%emt 0:01:03]} 31. Kf3 {[%emt 0:00:03]} Qb4 {[%emt 0:00:33]} 32. Re2 {[%emt 0:01:01]} Rxe2 {[%emt 0:00:32]} 33. Qxe2 {[%emt 0:00:02]} Re1 {[%emt 0:00:31]} 34. Qf2 {[%emt 0:00:38]} Qc3+ {[%emt 0:00:36]} 35. Kg4 {[%emt 0:00:33]} h5+ {[%emt 0:00:54]} 0-1

[Event "CZE Extraliga 2019-20"]
[Site "Czech Republic"]
[Date "2019.11.30"]
[Round "3.3"]
[White "Antoniewski, Rafal"]
[Black "Velicka, Petr"]
[Result "1/2-1/2"]
[WhiteElo "2497"]
[BlackElo "2420"]
[Annotator "ChessBase"]
[PlyCount "61"]
[EventDate "2019.09.15"]
[EventType "team-tourn"]
[EventCountry "CZE"]
[SourceTitle "playchess.com"]
[Source "ChessBase"]
[SourceQuality "1"]
[WhiteTeam "Frydek-Mistek"]
[BlackTeam "Ostrava"]
[TimeControl "40/5400+30:1800+30"]

1. c4 {[%emt 0:00:00]} c6 {[%emt 0:00:30]} 2. Nf3 {[%emt 0:00:19]} d5 {[%emt 0:00:18]} 3. e3 {[%emt 0:00:28]} Bg4 {[%emt 0:01:51]} 4. Qb3 {[%emt 0:04:45]} Qb6 {[%emt 0:00:24]} 5. Qxb6 {[%emt 0:01:17]} axb6 {[%emt 0:03:22]} 6. cxd5 {[%emt 0:00:08]} Bxf3 {[%emt 0:00:05]} 7. gxf3 {[%emt 0:00:08]} cxd5 {[%emt 0:00:04]} 8. Nc3 {[%emt 0:00:26]} e6 {[%emt 0:00:42]} 9. b3 {[%emt 0:02:10]} Nf6 {[%emt 0:03:02]} 10. Bb2 {[%emt 0:00:41]} Be7 {[%emt 0:12:57]} 11. Bb5+ {[%emt 0:12:21]} Nbd7 {[%emt 0:21:44]} 12. Rg1 {[%emt 0:07:16]} g6 {[%emt 0:03:54]} 13. Ke2 {[%emt 0:13:56]} O-O {[%emt 0:02:25]} 14. a3 {[%emt 0:08:31]} Rfc8 {[%emt 0:07:04]} 15. b4 {[%emt 0:04:07]} Kf8 {[%emt 0:02:40]} 16. f4 {[%emt 0:04:41]} Bd8 {[%emt 0:03:35]} 17. Rgc1 {[%emt 0:13:06]} Ke7 {[%emt 0:05:37]} 18. Bd3 {[%emt 0:10:24]} Ne8 {[%emt 0:02:34]} 19. Nb5 {[%emt 0:00:34]} Nd6 {[%emt 0:00:38]} 20. f3 {[%emt 0:01:35]} Nxb5 {[%emt 0:03:39]} 21. Bxb5 {[%emt 0:00:03]} Nf6 {[%emt 0:00:13]} 22. Bc3 {[%emt 0:05:47]} Ne8 {[%emt 0:01:12]} 23. a4 {[%emt 0:00:40]} Nd6 {[%emt 0:01:00]} 24. Bd3 {[%emt 0:00:01]} Kd7 {[%emt 0:00:52]} 25. Rcb1 {[%emt 0:03:28]} Nc4 {[%emt 0:02:52]} 26. Bd4 {[%emt 0:00:56]} Nd6 {[%emt 0:05:18]} 27. Rb3 {[%emt 0:01:17]} Nc4 {[%emt 0:01:44]} 28. Rbb1 {[%emt 0:01:07]} Nd6 {[%emt 0:00:25]} 29. e4 {[%emt 0:02:19]} Bc7 {[%emt 0:06:56]} 30. Rc1 {[%emt 0:01:17]} Bd8 {[%emt 0:00:32]} 31. Rcb1 {[%emt 0:00:53]} 1/2-1/2

[Event "CZE Extraliga 2019-20"]
[Site "Czech Republic"]
[Date "2019.11.30"]
[Round "3.3"]
[White "Malinovsky, Karel"]
[Black "Jakubowski, Krzysztof"]
[Result "0-1"]
[WhiteElo "2478"]
[BlackElo "2509"]
[Annotator "ChessBase"]
[PlyCount "76"]
[EventDate "2019.09.15"]
[EventType "team-tourn"]
[EventCountry "CZE"]
[SourceTitle "playchess.com"]
[Source "ChessBase"]
[SourceQuality "1"]
[WhiteTeam "Kromeriz"]
[BlackTeam "Poruba"]
[TimeControl "40/5400+30:1800+30"]

1. e4 {[%emt 0:00:00]} c5 {[%emt 0:00:00]} 2. Nf3 {[%emt 0:00:00]} d6 {[%emt 0:00:00]} 3. d4 {[%emt 0:00:00]} cxd4 {[%emt 0:00:01]} 4. Nxd4 {[%emt 0:00:00]} Nf6 {[%emt 0:00:09]} 5. Nc3 {[%emt 0:00:03]} a6 {[%emt 0:00:08]} 6. h3 {[%emt 0:00:45]} Nc6 {[%emt 0:01:02]} 7. g4 {[%emt 0:01:29]} Qb6 {[%emt 0:07:09]} 8. Nb3 {[%emt 0:04:11]} e6 {[%emt 0:00:18]} 9. g5 {[%emt 0:05:49]} Nd7 {[%emt 0:00:16]} 10. Be3 {[%emt 0:00:33]} Qc7 {[%emt 0:00:11]} 11. f4 {[%emt 0:02:01]} b5 {[%emt 0:01:40]} 12. a4 {[%emt 0:10:34]} b4 {[%emt 0:03:39]} 13. Ne2 {[%emt 0:00:36]} Be7 {[%emt 0:01:42]} 14. Bg2 {[%emt 0:01:28]} h6 {[%emt 0:06:26]} 15. h4 {[%emt 0:08:19]} Bb7 {[%emt 0:03:23]} 16. g6 {[%emt 0:07:34]} fxg6 {[%emt 0:13:54]} 17. Ned4 {[%emt 0:02:08]} Nd8 {[%emt 0:05:47]} 18. Qg4 {[%emt 0:07:39]} Nf8 {[%emt 0:05:46]} 19. O-O {[%emt 0:15:20]} h5 {[%emt 0:02:29]} 20. Qg3 {[%emt 0:04:00]} Bf6 {[%emt 0:01:43]} 21. Rae1 {[%emt 0:05:17]} Qe7 {[%emt 0:06:31]} 22. Nf3 {[%emt 0:06:42]} Bxb2 {[%emt 0:03:49]} 23. e5 {[%emt 0:03:36]} Rc8 {[%emt 0:05:18]} 24. Ng5 {[%emt 0:06:12]} d5 {[%emt 0:05:30]} 25. Bh3 {[%emt 0:01:18]} Rxc2 {[%emt 0:03:26]} 26. Nd4 {[%emt 0:01:28]} Bxd4 {[%emt 0:03:48]} 27. Bxd4 {[%emt 0:00:05]} Rc4 {[%emt 0:00:08]} 28. Qd3 {[%emt 0:02:24]} a5 {[%emt 0:02:23]} 29. Bb6 {[%emt 0:01:36]} Nf7 {[%emt 0:00:29]} 30. Bg2 {[%emt 0:02:33]} Ba6 {[%emt 0:03:29]} 31. Qd2 {[%emt 0:01:05]} Nd7 {[%emt 0:01:09]} 32. Nxf7 {[%emt 0:00:35]} Kxf7 {[%emt 0:01:51]} 33. Be3 {[%emt 0:00:28]} Rhc8 {[%emt 0:00:26]} 34. Rf2 {[%emt 0:00:37]} Nf8 {[%emt 0:03:26]} 35. f5 {[%emt 0:00:32]} gxf5 {[%emt 0:00:27]} 36. Bg5 {[%emt 0:00:21]} Qa7 {[%emt 0:00:19]} 37. Kh1 {[%emt 0:00:34]} Qd4 {[%emt 0:01:29]} 38. Qe2 {[%emt 0:00:28]} Qxh4+ {[%emt 0:00:38]} 0-1